Dopuski i posadki : Spravočnik /

Saved in:
Bibliographic Details
Main Author: Kiriljuk, Jurij Je (Author)
Format: Book
Language:Russian
Published: Kijev : Vyšča škola, 1987
Subjects:
Tags: Add Tag
No Tags, Be the first to tag this record!

MARC

LEADER 00000nam a22000003a 4500
001 stu37732
005 20150617225728.2
008 920820s1987----xxr-----------------rus-d
040 |a STU  |b slo 
041 0 |a rus 
044 |a xxr 
080 |a 621.753.1/.2 
100 1 |a Kiriljuk, Jurij Je  |4 aut 
245 1 |a Dopuski i posadki :  |b Spravočnik /  |c [aut.]Jurij Je. Kiriljuk 
260 |a Kijev :  |b Vyšča škola,  |c 1987 
300 |a 119 s 
650 7 |a tolerancia  |2 stusub 
650 7 |a Lícovanie  |2 stusub 
996 |b 284M003043  |c M*4498-1  |l MMKN  |s A  |a 24  |w stu37732_0001